MARC

LEADER 00000nam2a2200000 4500
001 326159
005 20231102003831.0
035 |a (RuTPU)RU\TPU\book\351794 
035 |a RU\TPU\book\351793 
090 |a 326159 
100 |a 20161219d1981 k y0rusy5003 ca 
101 0 |a rus 
102 |a BY 
105 |a a z 001zy 
200 0 |a Вып. 6  |f гл. ред. П. И. Ящерицын 
210 |d 1981 
215 |d 21 см  |a 130 с.  |c ил. 
320 |a Библиография в конце статей 
461 1 |0 (RuTPU)RU\TPU\book\268761  |t Машиностроение  |o республиканский межведомственный сборник научных трудов  |f Белорусский политехнический институт  |v Вып. 6  |d 1976-1990 
606 1 |a Машиностроение  |2 stltpush  |3 (RuTPU)RU\TPU\subj\71949  |9 85607 
610 1 |a технологические процессы 
610 1 |a механическая обработка 
610 1 |a упрочняющие технологии 
610 1 |a детали 
610 1 |a машины 
610 1 |a поверхностные слои 
610 1 |a износостойкие покрытия 
610 1 |a нанесение 
610 1 |a термоциклическая стойкость 
610 1 |a шероховатость 
610 1 |a силовые развертки 
610 1 |a затачивание 
610 1 |a наружные протяжки 
610 1 |a заточка 
610 1 |a доводка 
610 1 |a смазочно-охлаждающие жидкости 
610 1 |a проникновение 
675 |a 621.002  |z rus  |v 4 
702 1 |a Ящерицын  |b П. И.  |g Петр Иванович  |4 651 
801 0 |a RU  |b 63413507  |c 19950704  |g psbo 
801 1 |a RU  |b 63413507  |c 20150317 
801 2 |a RU  |b 63413507  |c 20171214  |g RCR 
942 |c BK